| 000 | 00717aam a2200265 4500 | ||
|---|---|---|---|
| 005 | 20240716083831.0 | ||
| 008 | 150713b2005 CR ||||| |||| 00| 0 ENG d | ||
| 020 | _a9968927066 | ||
| 041 | _aESP | ||
| 041 | _aING | ||
| 082 | _a582.16 G643p | ||
| 100 | _aGonzález Ramírez, José | ||
| 245 | _aPlantas comunes de la Reserva Biológica Hitoy Cerere = Common plants of the Hitoy Cerere Biological Reserve | ||
| 260 | _aCosta Rica | ||
| 260 | _bINBio | ||
| 260 | _c2005 | ||
| 300 | _a248 páginas | ||
| 505 | _aIncluye fotografías | ||
| 650 | _aPLANTAS | ||
| 650 | _aRESERVAS FORESTALES | ||
| 650 | _aBIODIVERSIDAD | ||
| 650 | _aRESERVA BIOLOGICA HITITOY CERERE | ||
| 942 |
_cBK _2ddc |
||
| 999 |
_c1689 _d1689 |
||